| 000 | 00739nam a2200217 i 4500 | ||
|---|---|---|---|
| 001 | bg | ||
| 100 | 1 | _aBOŻYK, Paweł | |
| 245 | 1 | 0 |
_a24 kraje Europy Środkowej i Wschodniej : _btransformacja / _cPaweł Bożyk ; Kolegium Gospodarki Światowej. |
| 260 |
_aWarszawa : _bSzkoła Główna Handlowa. Oficyna Wydawnicza, _c1999. |
||
| 300 |
_a147 s. ; _c24 cm. |
||
| 504 | _aBibliogr. s. 118-139. | ||
| 650 | 9 |
_aTransformacja systemu społeczno-gospodarczego _zEuropa Środkowo-Wschodnia |
|
| 710 | 0 | _aKolegium Gospodarki Światowej | |
| 020 | _a8372250375 | ||
| 040 | _cBPK | ||
| 041 | 0 | _apl | |
| 080 | _a338.24.021.8:32](4-191.2-11)"1989/..." | ||
| 920 | _a83-7225-037-5 | ||
| 942 | _cKS | ||
| 008 | s pl f |000 0 pol | ||
| 999 |
_c38620 _d38620 |
||
| 856 |
_uhttp://koha.tu.koszalin.pl/cgi-bin/koha/opac-detail.pl?biblionumber=38620 _yKatalog online BPK |
||